000 00215nam a2200097Ia 4500
008 190216s9999||||xx |||||||||||||| ||und||
100 _aKainikkara Kumara Pilla
245 0 _aOzhukkukal
260 _bNull
942 _cBK
999 _c24741
_d24741